Zafírové zvádzanie

Podrobná bibliografia
Hlavný autor: Feather, Jane, 1945- (Autor)
Ďalší autori: Mikušová, Nina (Prekladateľ)
Médium: Kniha
Jazyk:slovenčina
angličtina
Fyzický popis:271 strán 21 cm
Vydavateľské údaje: Bratislava Slovenský spisovateľ 2021
ISBN:9788022022811
Predmet:

MARC

LEADER 00000cam a2200000 4500
001 vtls012015233
003 SK-MaSNL
005 20260301223542.0
008 210219s2021 xo gr 000 f slo
015 |a SNBA2021/07 
020 |a 9788022022811  |q (viazané) 
040 |a SNK  |b slo  |c SNK  |e rda 
041 1 |a slo  |h eng 
044 |a xo  |c SK 
072 7 |a 821.111(73)-3  |x Americká próza  |2 konspekt 
080 |a (0:82-312.5)  |2 2011 
080 |a 821.111(73)-31  |2 2011 
100 1 |a Feather, Jane,  |d 1945-  |4 aut  |9 176044 
240 1 0 |a Seduce me with sapphires  |l Slovensky 
245 1 |a Zafírové zvádzanie  |c Jane Featherová ; z anglického originálu Seduce me with sapphires ... preložila Nina Mikušová 
246 1 |i Obálkový podnázov:  |a Láska je najvzácnejší drahokam 
264 1 |a Bratislava  |b Slovenský spisovateľ  |c 2021 
300 |a 271 strán  |c 21 cm 
336 |a text  |b txt  |2 rdacontent 
337 |a bez média  |b n  |2 rdamedia 
338 |a zväzok  |b nc  |2 rdacarrier 
655 7 |a americké romány  |2 SNKPH  |9 1174 
655 7 |a ľúbostné romány  |2 SNKPH  |9 70497 
655 7 |a American novels  |2 SNKPHeng  |9 277755 
655 7 |a Love novels  |2 SNKPHeng  |9 277756 
700 1 |a Mikušová, Nina  |4 trl  |9 200313 
700 1 |i Pokračovanie diela:  |a Feather, Jane,  |d 1945-  |t Diamantové pokušenie  |9 614592 
787 0 8 |i Z trilógie  |t Londýnske klenoty  |g 2. diel 
919 |a 978-80-220-2281-1 
958 |a LX 
958 |a UP 
968 |b ENG 
999 |c 944024  |d 945954 
952 |a SNK  |b SNK  |y PREZ  |7 0  |p 17A1454794  |o snkSC 189590/2  |i snk2021/6540  |8 0  |0 0  |1 0  |4 0  |d 2021-06-08  |f 1  |l 0  |r 2025-10-07 00:00:00  |w 2026-02-24 
952 |a SNK  |b SNK  |y PREZ  |7 0  |p 17A1454795  |o snkSC 189590/2 D1  |i snk2021/6542  |8 0  |0 0  |1 0  |4 0  |d 2021-06-08  |l 0  |r 2026-02-24 09:28:31  |w 2026-02-24